Quick Pick: String Instruments Quiz Stats

 Plays Quiz Updated Aug 7, 2018

Challenge
Share
Tweet
Embed
Score 0/10 Timer 00:30
7 Plays Today
% Correct
Guitar
97.8%
Harp
96.9%
Banjo
96.8%
Violin
96.3%
Cello
95.9%
Mandolin
95%
Ukulele
94.8%
Lute
82.6%
Zither
76.3%
Dulcimer
62.1%

Today's Daily Dose

You're not logged in!

Compare scores with friends on all Sporcle quizzes.
OR
Log In

You Might Also Like...

Show Comments

Extras

Top Quizzes Today


Score Distribution

Your Account Isn't Verified!

In order to create a playlist on Sporcle, you need to verify the email address you used during registration. Go to your Sporcle Settings to finish the process.

Report this User

Report this user for behavior that violates our Community Guidelines.

Details: